| 000 | 00507nam a2200205Ia 4500 | ||
|---|---|---|---|
| 008 | 170918s9999 xx 000 0 und d | ||
| 020 | _a9780590255189 | ||
| 050 | _bG671 1997 | ||
| 100 | _aGormley, Beatrice | ||
| 245 | _aFirst ladies : | ||
| 245 | _bwomen who called the white house home / | ||
| 245 | _cBeatrice Gormley. | ||
| 260 | _aNew York : | ||
| 260 | _bScholastic, | ||
| 260 | _c1997 | ||
| 300 | _a111 pages : | ||
| 300 | _bcolored illustration ; | ||
| 300 | _c26cm. | ||
| 500 | _a1040 | ||
| 999 |
_c342338 _d342338 |
||